| 000 | 00544nab a2200193 4500 | ||
|---|---|---|---|
| 999 |
_c371110 _d371110 |
||
| 001 | 866 | ||
| 003 | OSt | ||
| 005 | 20211112131420.0 | ||
| 007 | tu | ||
| 008 | |||||||||||| | ||
| 040 |
_aDE-2950 _cDE-2950 |
||
| 245 | 0 | 0 |
_aJahresbericht 2019 des Stadtarchivs Frankfurt (Oder) / _cDenny Becker |
| 260 | _c2021 | ||
| 525 | _aEnthaltene Fotografien: zahlreiche Fotografien | ||
| 653 |
_aFrankfurt (Oder) _aStadtarchiv |
||
| 653 | _aJahresbericht 2019 | ||
| 773 | 0 |
_g01.01.2021-31.12.2021, S. 85-128 _tFrankfurter Jahrbuch 2021 |
|
| 942 |
_2z _cA |
||